000
00317nam a2200121Ia 4500
008
190216s9999||||xx |||||||||||||| ||und||
100
_a
Satish Jain
245
0
_a
Computer Fundamentals And C++ Programming
260
_b
Bpb Pub
_c
1996
300
_a
179p
650
_a
"Computer Programming. Programs, Data"
942
_c
BK
999
_c
8660
_d
8660